| 000 | 00733nam a22001937a 4500 | ||
|---|---|---|---|
| 003 | AM-YeHGA | ||
| 005 | 20250617153836.0 | ||
| 008 | 180206s xxu||||| |||| 00| 0 rus d | ||
| 040 | _aAM-YeHGA | ||
| 041 | 0 | _arus | |
| 100 | 1 | _aПомяловский, Иван Васильевич | |
| 245 | 1 | 0 |
_aЖитие Кириака отшельника : _bПо рукописи Казанской духовной академии № 924 / _cСообщил И. Помяловский. |
| 260 |
_aСанкт-Петербург : _bОЛДП, _c[1891]. |
||
| 300 | _a15 с. | ||
| 600 | 0 | 4 |
_aКириак _c(отшельник Палестинский) _d449-557 |
| 653 | 0 | _aЖития святых | |
| 942 |
_2udc _cBK |
||
| 090 | _c401444 | ||
| 999 |
_c399292 _d399292 |
||